Statistics for NF Songs

Click here to take the quiz!

General Stats

  • This quiz has been taken 46 times
    (44 since last reset)
  • The average score is 51 of 119

Answer Stats

AlbumSong% Correct
HopeHope
91%
Clouds (The Mixtape)Clouds
88%
The SearchThe Search
88%
Mansion Ft. FleurieMansion
84%
HopeMotto
84%
Clouds (The Mixtape) Ft. HopsinLost
78%
Therapy SessionTherapy Session
78%
HopeHappy
75%
MansionIntro
72%
PerceptionLet You Down
72%
HopeRunning
69%
Hope Ft. Julia MichaelsGone
66%
Therapy SessionIntro 2
66%
PerceptionLie
66%
HopeMama
66%
Hope Ft. CordaeCareful
63%
PerceptionIf You Want Love
63%
Clouds (The Mixtape)Story
63%
The SearchTime
63%
The SearchLeave Me Alone
59%
Clouds (The Mixtape) Ft. Tech N9neTrust
59%
The SearchChange
56%
Clouds (The Mixtape)Drifting
56%
Therapy Session Ft. MartyGrindin'
56%
Therapy SessionHow Could You Leave Us
56%
HopePandemonium
56%
MansionParalyzed
56%
The SearchWhen I Grow Up
56%
HopeBullet
53%
The SearchHate Myself
53%
PerceptionIntro III
53%
Clouds (The Mixtape)Just Like You
53%
MansionNotepad
53%
The SearchWhy
53%
SingleNo Name
50%
The Search Ft. Sasha SloanOnly
50%
PerceptionOutcast
50%
PerceptionOutro
50%
Clouds (The Mixtape)Paid My Dues
50%
Therapy SessionReal
50%
Clouds (The Mixtape)That's a Joke
50%
The SearchTrauma
50%
The SearchNate
47%
Therapy SessionOh Lord
47%
The SearchOptions
47%
Flame Ft. NFStart Over
47%
Mansion Ft. Britt NicoleCan You Hold Me
44%
Demo Ft. Mikayla SippelChasing
44%
Futuristic Ft. NFEpiphany
44%
PerceptionGreen Lights
44%
HopeMistake
44%
MansionMotivated
44%
HopeSuffice
44%
Mansion | NF (EP)Wake Up
44%
Perception3 A.M.
41%
PerceptionDreams
41%
The SearchI Miss The Days
41%
The SearchInterlude
41%
HopeLet Em Pray
41%
The SearchLet Me Go
41%
Therapy Session Ft. Andreas MossLost In The Moment
41%
The SearchMy Stress
41%
The SearchNo Excuses
41%
Clouds (The Mixtape)Prideful
41%
The SearchReturns
41%
Mansion | NF (EP)All I Have
38%
MomentsBeautiful
38%
Clouds (The Mixtape)Layers
38%
The SearchLike This
38%
MomentsMoments
38%
PerceptionRemember This
38%
HopeTurn My Back
38%
MansionTurn The Music Up
38%
Perception Ft. Ruelle10 Feet Down
34%
MansionFace It
34%
Therapy SessionI Just Wanna Know
34%
Mansion Ft. Jeremiah CarlsonI'll Keep On
34%
I'm FreeI'm Free
34%
PerceptionKnow
34%
NF (EP)Only One
34%
SingleWarm Up
34%
PerceptionDestiny
31%
Therapy SessionGot You On My Mind
31%
NF (EP)Hands Up
31%
PerceptionOne Hundred
31%
Therapy SessionStatement
31%
The SearchThinking
31%
MansionWait
31%
PerceptionYou're Special
31%
Therapy SessionAll I Do
28%
I'm Free Ft. Sean SimmondsAlone
28%
Therapy SessionBreathe
28%
PerceptionMy Life
28%
NF (EP)Thing Called Love
28%
TobyMac Ft. NFTil The Day I Die
28%
Therapy SessionWish You Wouldn't
28%
MomentsCircles
25%
Therapy SessionI Can Feel It
25%
I'm FreeI Got Jesus
25%
Marty Ft. NF, John Givez, Wordsplayed, FERN, & Kaleb MitchellThe One With My Friends
25%
MomentsYour Grace
25%
MomentsEscape
22%
I'm FreeGoodbye
22%
MomentsI'm Gonna Fly
22%
I'm FreeInvisible
19%
NF (EP)Just Being Me
19%
MomentsOverdose
19%
MomentsReality
19%
MomentsWrap Me in Your Arms
19%
I'm FreeI've Been There
16%
MomentsMiss You
16%
I'm FreeNot The Same
16%
I'm FreeThat's Alright
16%
I'm FreeUnderstand Me
16%
MomentsUntil I Die
16%
MomentsWith Me
16%
MomentsFalling Apart
13%

Score Distribution

Percentile by Number Answered

Percent of People with Each Score

Your Score History

You have not taken this quiz since the last reset